Dealing with the Malaysian civil service / (Record no. 2106)

000 -LEADER
fixed length control field nam a22 a 4500
003 - CONTROL NUMBER IDENTIFIER
control field AKMAL
005 - DATE AND TIME OF LATEST TRANSACTION
control field 20170515113727.0
008 - FIXED-LENGTH DATA ELEMENTS--GENERAL INFORMATION
fixed length control field 170515s1993 my r 00 eng d
020 ## - INTERNATIONAL STANDARD BOOK NUMBER
International Standard Book Number 9679784665
040 ## - CATALOGING SOURCE
Original cataloging agency AKMAL
082 04 - DEWEY DECIMAL CLASSIFICATION NUMBER
Classification number 354.595025 DEA
090 ## - LOCALLY ASSIGNED LC-TYPE CALL NUMBER (OCLC); LOCAL CALL NUMBER (RLIN)
Classification number (OCLC) (R) ; Classification number, CALL (RLIN) (NR) 354.595025
Local cutter number (OCLC) ; Book number/undivided call number, CALL (RLIN) DEA
245 ## - TITLE STATEMENT
Title Dealing with the Malaysian civil service /
Statement of responsibility, etc. [produced by Malaysian Administrative Modernisation and Management Planning Unit (MAMPU)]
260 ## - PUBLICATION, DISTRIBUTION, ETC.
Place of publication, distribution, etc. Petaling Jaya :
Name of publisher, distributor, etc. Pelanduk Publications,
Date of publication, distribution, etc. 1993
300 ## - PHYSICAL DESCRIPTION
Extent xi, 774p. ;
Dimensions 30cm.
500 ## - GENERAL NOTE
General note Also published in Malay with the title: Berurusan dengan perkhidmatan awam Malaysia
650 ## - SUBJECT ADDED ENTRY--TOPICAL TERM
Topical term or geographic name entry element Executive departments
General subdivision Directories
Geographic subdivision Malaysia
9 (RLIN) 4355
650 ## - SUBJECT ADDED ENTRY--TOPICAL TERM
Topical term or geographic name entry element Administrative agencies
General subdivision Directories
Geographic subdivision Malaysia
9 (RLIN) 4356
710 2# - ADDED ENTRY--CORPORATE NAME
Corporate name or jurisdiction name as entry element Malaysia.
Subordinate unit Unit Pemodenan Tadbiran Malaysia
9 (RLIN) 4208
942 ## - ADDED ENTRY ELEMENTS (KOHA)
Source of classification or shelving scheme
Koha item type Book
Holdings
Withdrawn status Lost status Source of classification or shelving scheme Damaged status Not for loan Collection code Home library Current library Shelving location Date acquired Inventory number Full call number Barcode Date last seen Price effective from Koha item type Public note
          NON-FICTION AKMAL Melaka AKMAL Melaka PINJAMAN 15.05.2017 302211 354.595025 DEA 201706281 15.05.2017 15.05.2017 Book Dilupuskan. No. Fail. ARKIBMLK.600-6/9/1 Jld.8 ( )
          NON-FICTION AKMAL Melaka AKMAL Melaka PINJAMAN 15.05.2017 002530 354.595025 DEA 201706282 15.05.2017 15.05.2017 Book Dilupuskan. No. Fail. ARKIBMLK.600-6/9/1 Jld.8 ( )
          NON-FICTION AKMAL Melaka AKMAL Melaka PINJAMAN 15.05.2017 002770 354.595025 DEA 201706283 15.05.2017 15.05.2017 Book Dilupuskan. No. Fail. ARKIBMLK.600-6/9/1 Jld.8 ( )
Pusat Sumber Maklumat Dato' Haji Sarmin Md Hussin, Akademi Kastam Diraja Malaysia, Melaka
Tel: 06-2331106 | Faks: 06-2313787